000 00378nam a22001457a 4500
003 OSt
005 20211117102456.0
008 211117b |||||||| |||| 00| 0 eng d
040 _aHU
_cDDC
082 _a347.9/CIV
245 _aCIVIL PROCEDUR CODE OF THE EMPIRE OF ETHIOPIA OF 1965
260 _aADDIS ABEBA
_bNEGARIT GAZETA
_c1965
300 _a66P,18CM
942 _2ddc
_cBOOKS
_n0
999 _c18652
_d18652